000 00412 a2200157 4500
001 58815
020 _a9788516074500
040 _cAnchieta - Pituba
100 _aMota, Myriam Becho
240 1 0 _aHistória das cavernas ao terceiro milênio
_lpor
245 1 0 _aHistória das cavernas ao terceiro milênio
300 _a631
362 0 _a2012
650 4 _aHistória do mundo antigo até 499 AC.
942 _cBK
999 _c58815
_d58815